000 01348nac a22003731i 4500
003 EG-ScBUE
005 20260309094243.0
006 m||||fq||h 00| 0
008 260208r20072001ne ab f b 001 0 eng d
020 _a0444508503
020 _a9780444508508
035 _a(OCoLC)ocm47091544
040 _aEG-ScBUE
_beng
_erda
_cEG-ScBUE
_dEG-ScBUE
082 0 4 _a552.5821
_bMOO
_222
100 1 _aMoore, Clyde H.,
_eauthor.
245 1 0 _aCarbonate reservoirs :
_bporosity evolution and diagenesis in a sequence stratigraphic framework /
_cClyde H. Moore, Colorado School of Mines, Golden, CO, and Louisiana State University, Baton Rouge, LA, USA.
250 _aReprinted edition.
264 1 _aAmsterdam :
_bElsevier,
_c2007.
300 _axvi, 444 pages :
_billustrations, maps ;
_c27 cm +
_e1 CD.
336 _2rdacontent
_atext
_btxt
336 _2rdacontent
_asounds
_bsnd
337 _aunmediated
_2rdamedia
_bn
337 _aaudio
_2rdamedia
_bs
338 _avolume
_bnc
_2rdacarrier
338 _acomputer disc
_bcd
_2rdacarrier
490 0 _aDevelopments in sedimentology ;
_v55
504 _aIncludes bibliographical references and index.
650 7 _aRocks, Carbonate.
_2BUEsh
650 7 _aDiagenesis.
_2BUEsh
650 7 _aPorosity.
_2BUEsh
650 7 _aSequence stratigraphy.
_2BUEsh
655 _vReading book
942 _cBB
_2ddc
999 _c5779
_d5779